000 01619nam a2200289Ia 4500
003 Ost
005 20260507075359.0
008 260507s9999||||xx |||||||||||||| ||und||
020 _a621247995797
040 _cfsecg
041 _aara
082 _a330
100 _aالخيكاني، نزار كاظم
_eمؤلف
245 0 _aالسياسات الإقتصادية :
_bالإطار العام وأثرها في السوق المالي ومتغيرات الإقتصاد الكلي /
_c نزار كاظم الخيكاني
250 _aطبعة 2
260 _aعمان:
_bداراليازوري العلمية للنشر والتوزيع,
_c2015
300 _a368 صفحة؛
_bإيضاحات ؛
_c25 سم
504 _aقائمة المراجع ص.331 الملاحق ص.345
520 _aيضم السياسة النقدية في منظور النظريات الاقتصادية، السياسة المالية عبر النظريات الاقتصادية، فاعلية السياستين النقدية والمالية وإمكانية التنسيق بينهما، أثر السياسات الاقتصادية في السوق المالي، المتغيرات النقدية والمالية وأثرها على بعض متغيرات الإقتصاد الكلي في مصر
653 _aالإقتصاد الكلي
653 _aالتخطيط الإقتصادي
653 _aالسياسة الإقتصادية
653 _aالسياسة المالية
653 _aالسياسة النقدية
700 _aالموسوي، حيدر يونس
_eمؤلف ثانوي
942 _cكتاب
999 _c44263
_d44263